000 00643nam a2200253Ia 4500
003 OSt
005 20221006145719.0
006 a|||||r|||| 00| 0
007 ta
008 221006b |||||||| |||| 00| 0 chi d
020 _c156.00
024 _a15,734
037 _bGift,
_cTextual
040 _aEASL
_cEASL
_bchi
041 _2chi
_achi
082 _aO152:4k, 41M8
245 0 _aHindi Chini kosh
260 _aNew Delhi
_bKendriya Hindi Nideshalaya India
_c1988
300 _a156p.
_ccm.
490 _v RR
650 _aCL
_9642733
942 _hO152:4k, 41M8
_cTEXL
_2CC
999 _c1083820
_d1083820